[Event "36th Teams Ch-GR"]
[Site "Kallithea Halkidiki"]
[Date "2008.07.07"]
[Round "2.2"]
[White "Mastrovasilis, Dimitrios"]
[Black "Tsarouhas, Konstantinos"]
[Result "1-0"]
[WhiteElo "2563"]
[BlackElo "2240"]
[PlyCount "68"]
[EventDate "2008.07.06"]
[WhiteTeam "ES THESSALONIKIS"]
[BlackTeam "SA CHANION"]

1. e4 c5 2. Nf3 d6 3. d4 Nf6 4. Nc3 cxd4 5. Nxd4 e6 6. Be3 a6 7. f3 b5 8. Qd2
Bb7 9. O-O-O Nbd7 10. g4 Nb6 11. Qf2 Nfd7 12. Bd3 Rc8 13. Nce2 Nc4 14. Kb1 Nxe3
15. Qxe3 Be7 16. f4 O-O 17. h4 Nc5 18. g5 Qc7 19. f5 e5 20. Nb3 d5 21. Nxc5
Bxc5 22. Qf3 dxe4 23. Bxe4 Bxe4 24. Qxe4 Rfe8 25. Rh3 Bd4 26. c3 Bc5 27. Rhd3
Bf8 28. Ng3 Rcd8 29. h5 Rxd3 30. Rxd3 Qc5 31. a3 a5 32. g6 b4 33. gxf7+ Kxf7
34. f6 bxa3 1-0

[Event "36th Teams Ch-GR"]
[Site "Kallithea Halkidiki"]
[Date "2008.07.07"]
[Round "2.2"]
[White "Kalaitzoglou, Panayotis"]
[Black "Iotov, Valentin"]
[Result "0-1"]
[WhiteElo "2198"]
[BlackElo "2519"]
[PlyCount "46"]
[EventDate "2008.07.06"]
[WhiteTeam "SA CHANION"]
[BlackTeam "ES THESSALONIKIS"]

1. e4 c5 2. c3 d5 3. exd5 Qxd5 4. d4 Nc6 5. Nf3 Bg4 6. dxc5 Qxd1+ 7. Kxd1 e6 8.
Be3 Nf6 9. h3 Bxf3+ 10. gxf3 Nd5 11. b4 a5 12. b5 Ne5 13. Bd4 Nxf3 14. Bg2 Nxd4
15. cxd4 O-O-O 16. Kc2 Nf4 17. Bf3 Rxd4 18. c6 bxc6 19. Bxc6 Bc5 20. Nc3 Rhd8
21. Ne4 Bb6 22. Rad1 Nd3 23. a3 Ne5 0-1

[Event "36th Teams Ch-GR"]
[Site "Kallithea Halkidiki"]
[Date "2008.07.07"]
[Round "2.2"]
[White "Mastrovasilis, Athanasios"]
[Black "Darmarakis, Mihail"]
[Result "1/2-1/2"]
[WhiteElo "2518"]
[BlackElo "2184"]
[PlyCount "60"]
[EventDate "2008.07.06"]
[WhiteTeam "ES THESSALONIKIS"]
[BlackTeam "SA CHANION"]

1. Nf3 d5 2. b3 Bf5 3. Bb2 Nd7 4. e3 Ngf6 5. Be2 e6 6. d4 h6 7. Nbd2 Bd6 8. O-O
O-O 9. c4 c6 10. a3 Qe7 11. Ne5 Rfd8 12. Re1 Bxe5 13. dxe5 Ne4 14. cxd5 cxd5
15. Nf3 Bg4 16. Rc1 Rdc8 17. h3 Bh5 18. Rc2 Qd8 19. b4 Rxc2 20. Qxc2 Rc8 21.
Qa4 Nb6 22. Qxa7 Rc2 23. Bd4 Nc4 24. g4 Ng5 25. Nxg5 Qxg5 26. Bd3 g6 27. Bxc2
Bxg4 28. hxg4 Qxg4+ 29. Kh2 Qh4+ 30. Kg2 Qg4+ 1/2-1/2

[Event "36th Teams Ch-GR"]
[Site "Kallithea Halkidiki"]
[Date "2008.07.07"]
[Round "2.2"]
[White "Katzourakis, Pavlos"]
[Black "Zakarian, David"]
[Result "1-0"]
[WhiteElo "2092"]
[BlackElo "2346"]
[PlyCount "71"]
[EventDate "2008.07.06"]
[WhiteTeam "SA CHANION"]
[BlackTeam "ES THESSALONIKIS"]

1. e4 c6 2. d4 Na6 3. Nf3 Nc7 4. Bd3 g6 5. O-O Bg7 6. Re1 d6 7. c3 e5 8. h3 Ne7
9. Nbd2 O-O 10. Nf1 exd4 11. cxd4 Ne6 12. Bc2 d5 13. e5 b6 14. N1h2 h5 15. Ng5
c5 16. Nhf3 Nc6 17. Nxe6 Bxe6 18. Bg5 Qd7 19. Rc1 Nb4 20. dxc5 Nxa2 21. c6 Qe8
22. Ra1 Nb4 23. Nd4 a6 24. c7 Qd7 25. Rc1 Rfc8 26. Bb1 Kh8 27. Qd2 a5 28. Bf6
Kh7 29. Qg5 Rh8 30. Bxg7 Kxg7 31. Qf6+ Kh7 32. Bxg6+ fxg6 33. Nxe6 Kh6 34. Qf4+
Kh7 35. Ng5+ Kg8 36. c8=Q+ 1-0

[Event "36th Teams Ch-GR"]
[Site "Kallithea Halkidiki"]
[Date "2008.07.07"]
[Round "2.3"]
[White "Managadze, Nikoloz"]
[Black "Jobava, Baadur"]
[Result "0-1"]
[WhiteElo "2444"]
[BlackElo "2665"]
[PlyCount "70"]
[EventDate "2008.07.06"]
[WhiteTeam "FO N. HERAKLIOU ATTIKIS"]
[BlackTeam "AO KYDON CHANION"]

1. e4 c6 2. d4 d5 3. Nd2 dxe4 4. Nxe4 Bf5 5. Ng3 Bg6 6. Nf3 Nd7 7. h4 h6 8. h5
Bh7 9. Bd3 Bxd3 10. Qxd3 e6 11. Bf4 Ngf6 12. O-O-O Qa5 13. Kb1 Be7 14. Ne5 O-O
15. Nxd7 Nxd7 16. Ne4 Nf6 17. Nxf6+ Bxf6 18. Qg3 Kh7 19. Rd3 Qf5 20. Rf3 Qe4
21. Bxh6 Kxh6 22. Rf4 Qd5 23. Qd3 Rad8 24. Rh3 Qxg2 25. c3 Rd5 26. Rg3 Qh1+ 27.
Kc2 Rxh5 28. Rfg4 g5 29. f4 Rg8 30. Rf3 Rh2+ 31. Kb3 Qc1 32. Rh3+ Rxh3 33.
Qxh3+ Kg7 34. Qh5 Rh8 35. Rxg5+ Kf8 0-1

[Event "36th Teams Ch-GR"]
[Site "Kallithea Halkidiki"]
[Date "2008.07.07"]
[Round "2.3"]
[White "Banikas, Hristos"]
[Black "Tassopoulos, Marios"]
[Result "1-0"]
[WhiteElo "2572"]
[BlackElo "2271"]
[PlyCount "48"]
[EventDate "2008.07.06"]
[WhiteTeam "AO KYDON CHANION"]
[BlackTeam "FO N. HERAKLIOU ATTIKIS"]

1. c4 e6 2. Nf3 d5 3. d4 Nf6 4. Nc3 Be7 5. Bg5 O-O 6. e3 h6 7. Bh4 b6 8. Bd3
Bb7 9. O-O Nbd7 10. Bg3 c5 11. cxd5 Nxd5 12. Nxd5 Bxd5 13. e4 Bb7 14. Rc1 cxd4
15. Bc7 Qe8 16. Nxd4 Nc5 17. Bb5 Qc8 18. Be5 f6 19. Bf4 Qd8 20. b4 Nxe4 21.
Nxe6 Qxd1 22. Rfxd1 Bxb4 23. Nxf8 Kxf8 24. Rd7 g5 1-0

[Event "36th Teams Ch-GR"]
[Site "Kallithea Halkidiki"]
[Date "2008.07.07"]
[Round "2.3"]
[White "Papadopoulos, Nikolaos"]
[Black "Nikolaidis, Ioannis"]
[Result "0-1"]
[WhiteElo "2109"]
[BlackElo "2516"]
[PlyCount "86"]
[EventDate "2008.07.06"]
[WhiteTeam "FO N. HERAKLIOU ATTIKIS"]
[BlackTeam "AO KYDON CHANION"]

1. d4 Nf6 2. c4 e6 3. g3 d5 4. Bg2 Bb4+ 5. Bd2 Be7 6. Nf3 O-O 7. O-O c6 8. Bf4
b6 9. Nc3 Bb7 10. b3 Nbd7 11. Qc2 Rc8 12. Rfd1 Ba6 13. e4 dxc4 14. Nd2 b5 15.
bxc4 bxc4 16. Na4 c5 17. d5 e5 18. Be3 Ng4 19. Re1 Nb6 20. Nc3 Nxe3 21. Rxe3
Bg5 22. Ree1 Bxd2 23. Qxd2 Rb8 24. Rab1 Qd6 25. Bh3 Nd7 26. Bxd7 Qxd7 27. Qe3
Qd6 28. Na4 Rbc8 29. Rec1 f5 30. Nc3 f4 31. Qe2 f3 32. Qf1 Qd7 33. h3 Rf6 34.
Kh2 Rcf8 35. Re1 Rh6 36. Re3 Qg4 37. h4 Bc8 38. Rb8 g5 39. Rxc8 Qxc8 40. Qh3
Qxh3+ 41. Kxh3 gxh4 42. g4 Rb6 43. Kxh4 Rh6+ 0-1

[Event "36th Teams Ch-GR"]
[Site "Kallithea Halkidiki"]
[Date "2008.07.07"]
[Round "2.3"]
[White "Souleidis, Georgios"]
[Black "Papadimitriou, Athanasios"]
[Result "1-0"]
[WhiteElo "2431"]
[BlackElo "2064"]
[PlyCount "65"]
[EventDate "2008.07.06"]
[WhiteTeam "AO KYDON CHANION"]
[BlackTeam "FO N. HERAKLIOU ATTIKIS"]

1. e4 c6 2. d4 d5 3. e5 g6 4. c4 Nh6 5. Nc3 Bg7 6. cxd5 cxd5 7. Qb3 O-O 8. Be3
Nc6 9. Rd1 Be6 10. Qxb7 Na5 11. Qa6 Nf5 12. Nf3 Qb6 13. Qxb6 axb6 14. Bb5 f6
15. exf6 Bxf6 16. O-O Nc4 17. Bc1 Ra7 18. Rfe1 Bf7 19. Ne5 Nxe5 20. dxe5 Bg7
21. Nxd5 Rxa2 22. e6 Be8 23. Bc4 Ra7 24. Nxb6 Bd4 25. Nd7 Bxd7 26. exd7+ Kg7
27. Rxd4 Nxd4 28. Rxe7+ Kh8 29. d8=Q Rxd8 30. Rxa7 Nc6 31. Be3 Nxa7 32. Bxa7
Kg7 33. g3 1-0

[Event "36th Teams Ch-GR"]
[Site "Kallithea Halkidiki"]
[Date "2008.07.07"]
[Round "2.3"]
[White "Pappelis, Dimitrios"]
[Black "Sandalakis, Angelos"]
[Result "0-1"]
[WhiteElo "1889"]
[BlackElo "2341"]
[PlyCount "62"]
[EventDate "2008.07.06"]
[WhiteTeam "FO N. HERAKLIOU ATTIKIS"]
[BlackTeam "AO KYDON CHANION"]

1. e4 c5 2. b4 d6 3. bxc5 dxc5 4. Nc3 Nc6 5. Bb5 Bd7 6. Bxc6 Bxc6 7. Rb1 e6 8.
Nf3 Nf6 9. d3 b6 10. O-O Be7 11. h3 Qc7 12. Nd2 O-O 13. f4 Nd7 14. Nc4 a6 15.
Be3 b5 16. Nd2 f5 17. e5 Nb6 18. Qe2 b4 19. Nd1 Na4 20. Nc4 Bd5 21. Ncb2 Nxb2
22. Rxb2 c4 23. Nf2 c3 24. Rb3 Qc6 25. Nh1 Bxb3 26. axb3 a5 27. Ra1 a4 28. Rxa4
Rxa4 29. bxa4 Qxa4 30. Nf2 b3 31. cxb3 Qxb3 0-1

[Event "36th Teams Ch-GR"]
[Site "Kallithea Halkidiki"]
[Date "2008.07.07"]
[Round "2.4"]
[White "Harikrishna, Pentala"]
[Black "Papadopoulos, Ioannis K"]
[Result "1/2-1/2"]
[WhiteElo "2668"]
[BlackElo "2490"]
[PlyCount "88"]
[EventDate "2008.07.06"]
[WhiteTeam "SO KAVALAS"]
[BlackTeam "OS TRIANDRIAS"]

1. Nf3 Nf6 2. c4 e6 3. Nc3 Bb4 4. Qc2 O-O 5. a3 Bxc3 6. Qxc3 d6 7. g3 e5 8. Bg2
a5 9. b3 Nc6 10. O-O Bg4 11. Re1 Ne4 12. Qc2 Nc5 13. Bb2 a4 14. b4 Nb3 15. Rad1
f5 16. b5 Bxf3 17. Bxf3 Ncd4 18. Bd5+ Kh8 19. Qc3 c6 20. bxc6 bxc6 21. Bg2 f4
22. Kh1 fxg3 23. fxg3 Qg5 24. Rf1 Rxf1+ 25. Rxf1 Qxd2 26. Qxd2 Nxd2 27. Rd1
Nxc4 28. Bxd4 exd4 29. Bxc6 Ra5 30. Rxd4 Nxa3 31. Bxa4 g6 32. Kg2 Kg7 33. Bc6
Re5 34. e4 Nb5 35. Rd3 Rc5 36. Bxb5 Rxb5 37. Rxd6 Rb2+ 38. Kh3 Re2 39. Rd7+ Kf6
40. Rxh7 Rxe4 41. Kg2 g5 42. Kf3 Ra4 43. Rc7 g4+ 44. Ke3 Ra2 1/2-1/2

[Event "36th Teams Ch-GR"]
[Site "Kallithea Halkidiki"]
[Date "2008.07.07"]
[Round "2.4"]
[White "Henrichs, Thomas"]
[Black "Kotronias, Vasilios"]
[Result "1/2-1/2"]
[WhiteElo "2491"]
[BlackElo "2574"]
[PlyCount "70"]
[EventDate "2008.07.06"]
[WhiteTeam "OS TRIANDRIAS"]
[BlackTeam "SO KAVALAS"]

1. d4 Nf6 2. c4 g6 3. Nf3 Bg7 4. g3 O-O 5. Bg2 d6 6. O-O Nbd7 7. Qc2 e5 8. Rd1
Qe7 9. Nc3 c6 10. e4 exd4 11. Nxd4 Re8 12. b3 Nc5 13. f3 Nfd7 14. Nce2 a5 15.
Rb1 Ne5 16. h3 f6 17. Kh2 Bd7 18. a3 Rec8 19. f4 Nf7 20. b4 axb4 21. axb4 Na4
22. Nb3 f5 23. c5 dxc5 24. Nxc5 Nxc5 25. bxc5 Be6 26. Nd4 Ra2 27. Rb2 Rxb2 28.
Bxb2 fxe4 29. Qxe4 Re8 30. Re1 Bf6 31. Qc2 Qd7 32. Rd1 Qe7 33. Re1 Qd7 34. Rd1
Qe7 35. Re1 Qd7 1/2-1/2

[Event "36th Teams Ch-GR"]
[Site "Kallithea Halkidiki"]
[Date "2008.07.07"]
[Round "2.4"]
[White "Halkias, Stelios"]
[Black "Ilandzis, Spyridon"]
[Result "1-0"]
[WhiteElo "2579"]
[BlackElo "2196"]
[PlyCount "65"]
[EventDate "2008.07.06"]
[WhiteTeam "SO KAVALAS"]
[BlackTeam "OS TRIANDRIAS"]

1. d4 Nf6 2. Nf3 e6 3. c4 b6 4. Nc3 Bb4 5. Qb3 c5 6. Bg5 h6 7. Bh4 g5 8. Bg3
Ne4 9. e3 Bb7 10. Bd3 Bxc3+ 11. bxc3 h5 12. Be5 Rg8 13. d5 f5 14. h4 d6 15. Bh2
gxh4 16. Bxe4 fxe4 17. Nd2 Rxg2 18. Nxe4 e5 19. Qd1 Rg4 20. Qf3 Bc8 21. Nf6+
Ke7 22. Nxg4 Bxg4 23. Qe4 Qf8 24. f4 Nd7 25. fxe5 Re8 26. e6 Kd8 27. Rf1 Qg7
28. Kd2 Kc7 29. Rf2 Re7 30. Raf1 a6 31. Rf7 Qg5 32. Rxe7 Qxe7 33. Rf7 1-0

[Event "36th Teams Ch-GR"]
[Site "Kallithea Halkidiki"]
[Date "2008.07.07"]
[Round "2.4"]
[White "Sevastopoulos, Vasilis"]
[Black "Skembris, Spyridon"]
[Result "1/2-1/2"]
[WhiteElo "2037"]
[BlackElo "2415"]
[PlyCount "121"]
[EventDate "2008.07.06"]
[WhiteTeam "OS TRIANDRIAS"]
[BlackTeam "SO KAVALAS"]

1. d4 Nf6 2. c4 c5 3. Nf3 cxd4 4. Nxd4 b6 5. Nc3 Bb7 6. f3 e6 7. e4 d6 8. Be3
Be7 9. Be2 O-O 10. O-O Nbd7 11. Qd2 a6 12. a4 Rb8 13. b4 Re8 14. Bf2 Qc7 15.
Rac1 Rbc8 16. Rfd1 Qb8 17. Qa2 Ne5 18. Rc2 g5 19. Be3 Nfd7 20. Kh1 Kh8 21. Rdc1
Rg8 22. a5 bxa5 23. b5 Bd8 24. Nb3 g4 25. Nxa5 gxf3 26. gxf3 Bxa5 27. Qxa5 Nxc4
28. Bxc4 Rxc4 29. bxa6 Ba8 30. Qb5 Qc8 31. Qb2 Ne5 32. Nb5 Rxc2 33. Rxc2 Qxa6
34. Rg2 f6 35. Rxg8+ Kxg8 36. Qg2+ Kf7 37. Nc7 Qd3 38. Qh3 Qd1+ 39. Bg1 Qxf3+
40. Qxf3 Nxf3 41. Nxa8 Ng5 42. e5 fxe5 43. Be3 Ne4 44. Kg2 d5 45. Kf3 Nd6 46.
Nb6 Kg6 47. Nd7 Nc4 48. Nf8+ Kf5 49. Nxh7 d4 50. Bf2 e4+ 51. Ke2 e5 52. h4 d3+
53. Kd1 Kf4 54. Nf6 Kf3 55. h5 Kxf2 56. Nxe4+ Ke3 57. h6 Kxe4 58. h7 Ke3 59.
h8=Q Nb2+ 60. Kc1 d2+ 61. Kxb2 1/2-1/2

[Event "36th Teams Ch-GR"]
[Site "Kallithea Halkidiki"]
[Date "2008.07.07"]
[Round "2.4"]
[White "Pavlidis, Antonios"]
[Black "Katsifarakis, Nikolaos"]
[Result "1-0"]
[WhiteElo "2266"]
[BlackElo "1906"]
[PlyCount "39"]
[EventDate "2008.07.06"]
[WhiteTeam "SO KAVALAS"]
[BlackTeam "OS TRIANDRIAS"]

1. e4 d6 2. d4 Nf6 3. Nc3 g6 4. f4 Bg7 5. Nf3 Nbd7 6. e5 Ng4 7. Ng5 Nh6 8. Bd3
e6 9. O-O b6 10. d5 Nc5 11. Bb5+ Ke7 12. b4 Nb7 13. f5 Nxf5 14. Nxe6 Bxe6 15.
Bg5+ f6 16. exf6+ Bxf6 17. Bxf6+ Kxf6 18. Qd4+ Ke7 19. Rxf5 Rf8 20. Qh4+ 1-0

[Event "36th Teams Ch-GR"]
[Site "Kallithea Halkidiki"]
[Date "2008.07.07"]
[Round "2.4"]
[White "Dimitriadi, Aspasia"]
[Black "Botsari, Anna-Maria"]
[Result "0-1"]
[WhiteElo "1888"]
[BlackElo "2321"]
[PlyCount "64"]
[EventDate "2008.07.06"]
[WhiteTeam "OS TRIANDRIAS"]
[BlackTeam "SO KAVALAS"]

1. d4 Nf6 2. Nf3 d6 3. Bg5 Nbd7 4. Nbd2 e5 5. e3 Be7 6. Bc4 O-O 7. dxe5 dxe5 8.
e4 c6 9. O-O Qc7 10. Qe2 Nc5 11. b4 Ne6 12. c3 h6 13. Bxf6 Nf4 14. Qd1 Bxf6 15.
Qc2 b5 16. Bb3 c5 17. bxc5 Qxc5 18. Rfe1 Bg4 19. Re3 Rac8 20. g3 Nh3+ 21. Kg2
Rfd8 22. Rc1 Rc7 23. Bd5 Rdc8 24. c4 bxc4 25. Qb2 c3 26. Rcxc3 Qxc3 27. Rxc3
Rxc3 28. Bb3 Ng5 29. Nxg5 Bxg5 30. h3 Be2 31. Nf1 Bf3+ 32. Kh2 Bxe4 0-1

[Event "36th Teams Ch-GR"]
[Site "Kallithea Halkidiki"]
[Date "2008.07.07"]
[Round "2.4"]
[White "Nemcova, Katerina"]
[Black "Forestier, Carole"]
[Result "1-0"]
[WhiteElo "2372"]
[BlackElo "2067"]
[PlyCount "71"]
[EventDate "2008.07.06"]
[WhiteTeam "SO KAVALAS"]
[BlackTeam "OS TRIANDRIAS"]

1. e4 e6 2. d4 d5 3. Nc3 Nf6 4. e5 Nfd7 5. Nce2 c5 6. f4 Nc6 7. c3 Qb6 8. Nf3
f6 9. a3 Be7 10. h4 Na5 11. b4 cxb4 12. cxb4 Nc4 13. Nc3 Qc7 14. Qc2 Ndb6 15.
g4 Bd7 16. Bd3 g6 17. h5 O-O-O 18. hxg6 hxg6 19. Rxh8 Rxh8 20. Bxg6 Rh3 21. Kf2
fxe5 22. fxe5 Bh4+ 23. Nxh4 Rxh4 24. Kg3 Rh1 25. Qf2 Qd8 26. Qf6 Ne3 27. Bb2
Rh6 28. Qxd8+ Kxd8 29. Bh5 Rh8 30. Bc1 Nc2 31. Bg5+ Kc8 32. Rc1 Nxa3 33. Bf6
Rh7 34. Nxd5+ Kb8 35. Bg6 Rh6 36. Nxb6 1-0

[Event "36th Teams Ch-GR"]
[Site "Kallithea Halkidiki"]
[Date "2008.07.07"]
[Round "2.5"]
[White "Bojkov, Dejan"]
[Black "Gavrilakis, Nikolaos"]
[Result "1/2-1/2"]
[WhiteElo "2498"]
[BlackElo "2429"]
[PlyCount "152"]
[EventDate "2008.07.06"]
[WhiteTeam "OFS KAVALAS"]
[BlackTeam "SAS KOROPIOU"]

1. e4 e5 2. Nf3 Nc6 3. Bc4 Bc5 4. d3 Nf6 5. c3 d6 6. O-O a6 7. Bb3 Ba7 8. Nbd2
O-O 9. Nc4 Ne7 10. Bg5 Ng6 11. Nh4 Kh8 12. a4 h6 13. Nxg6+ fxg6 14. Be3 g5 15.
Bxa7 Rxa7 16. a5 Ra8 17. Ra4 Bd7 18. Ra1 Qe7 19. Ne3 Rad8 20. Bc2 Qf7 21. d4
Bc6 22. d5 Bd7 23. c4 c5 24. dxc6 Bxc6 25. Qb1 Qg6 26. Nd5 Nh5 27. g3 Qe6 28.
b4 Qh3 29. Bd1 Rf7 30. b5 Bd7 31. Be2 Rdf8 32. Qd1 Nf6 33. Nxf6 Rxf6 34. bxa6
bxa6 35. Rb1 Qe6 36. Rb6 Qe7 37. Bg4 Bxg4 38. Qxg4 Rf3 39. Rxa6 Qf7 40. Re1
Rxf2 41. Qd1 Qxc4 42. Rxd6 Qa2 43. Qh5 R2f7 44. Qe2 Qxa5 45. Rd3 Rf6 46. Qd2
Qa7+ 47. Qe3 Qf7 48. Rd2 Rf3 49. Qe2 g4 50. Red1 Qa7+ 51. Kg2 Kh7 52. Ra2 Qf7
53. Kg1 h5 54. Rc2 Qa7+ 55. Kg2 Qe7 56. Qe1 Qf6 57. Re2 Rf7 58. Rb1 Ra7 59. Qg1
Raa3 60. Qe1 Qa6 61. Qd2 Rfd3 62. Qe1 Ra2 63. Rf2 Qc4 64. Rbb2 Rxb2 65. Rxb2
Qd4 66. Re2 Qd8 67. Rf2 h4 68. gxh4 Qxh4 69. Re2 Qh3+ 70. Kh1 Rf3 71. Rg2 Re3
72. Qf2 Rf3 73. Qe1 Rb3 74. Rg3 Qh4 75. Qf2 Rb1+ 76. Kg2 Qg5 1/2-1/2

[Event "36th Teams Ch-GR"]
[Site "Kallithea Halkidiki"]
[Date "2008.07.07"]
[Round "2.5"]
[White "Kapnisis, Spyridon"]
[Black "Dimitrov, Atanas"]
[Result "1-0"]
[WhiteElo "2405"]
[BlackElo "2302"]
[PlyCount "67"]
[EventDate "2008.07.06"]
[WhiteTeam "SAS KOROPIOU"]
[BlackTeam "OFS KAVALAS"]

1. e4 e5 2. d4 exd4 3. Qxd4 Nc6 4. Qe3 Nf6 5. Nc3 Bb4 6. Bd2 O-O 7. O-O-O Re8
8. Qg3 d6 9. f3 Ne5 10. h4 h5 11. Nge2 c6 12. a3 Ba5 13. Bg5 Qe7 14. Qf4 Bd8
15. Ng3 Ng6 16. Qd2 Qe5 17. f4 Qa5 18. f5 Nf8 19. Be2 N8d7 20. Nxh5 Nxh5 21.
Bxh5 Nf6 22. Bf3 Be7 23. h5 d5 24. e5 Nh7 25. Bxe7 Rxe7 26. g4 Rxe5 27. h6 Qc5
28. Rde1 Rxe1+ 29. Qxe1 Bd7 30. hxg7 Kxg7 31. f6+ Kg6 32. Qd2 Ng5 33. Rh5 d4
34. Ne4 1-0

[Event "36th Teams Ch-GR"]
[Site "Kallithea Halkidiki"]
[Date "2008.07.07"]
[Round "2.5"]
[White "Delithanasis, Dimitrios"]
[Black "Fakhiridou, Ekaterini"]
[Result "1/2-1/2"]
[WhiteElo "2228"]
[BlackElo "2274"]
[PlyCount "88"]
[EventDate "2008.07.06"]
[WhiteTeam "SAS KOROPIOU"]
[BlackTeam "OFS KAVALAS"]

1. Nf3 d5 2. d4 Nf6 3. c4 e6 4. Bg5 Be7 5. e3 O-O 6. Nc3 Nbd7 7. Rc1 Re8 8. a3
Nf8 9. Bd3 c6 10. O-O Ng6 11. c5 Nd7 12. Bf4 e5 13. Nxe5 Ngxe5 14. dxe5 Nxc5
15. Bb1 Ne6 16. Bg3 Nf8 17. Ne2 Bh4 18. Qd4 Bxg3 19. Nxg3 g6 20. f4 Qb6 21.
Qxb6 axb6 22. Rcd1 h5 23. h4 Bg4 24. Rd2 f6 25. exf6 Rxe3 26. Kf2 Re6 27. f5
Rxf6 28. Kg1 Nd7 29. fxg6 Rxf1+ 30. Kxf1 Rf8+ 31. Rf2 Rxf2+ 32. Kxf2 Ne5 33.
Nf5 Bxf5 34. Bxf5 Kg7 35. Kg3 Nc4 36. Kf4 d4 37. Kg5 Nd6 38. Bc2 c5 39. Bd1 d3
40. Bxh5 d2 41. Bf3 Ne4+ 42. Kf5 Nd6+ 43. Kg5 Ne4+ 44. Kf5 Nd6+ 1/2-1/2

[Event "36th Teams Ch-GR"]
[Site "Kallithea Halkidiki"]
[Date "2008.07.07"]
[Round "2.6"]
[White "Ris, Robert"]
[Black "Tsekouras, Theodoros"]
[Result "0-1"]
[WhiteElo "2415"]
[BlackElo "2204"]
[PlyCount "118"]
[EventDate "2008.07.06"]
[WhiteTeam "OAA HERAKLIO"]
[BlackTeam "NO KALAMATAS O POSEIDON"]

1. e4 e5 2. Nf3 Nc6 3. Bb5 a6 4. Ba4 Nf6 5. O-O b5 6. Bb3 Bc5 7. a4 Rb8 8. c3
d6 9. d4 Bb6 10. Na3 O-O 11. axb5 axb5 12. Nxb5 Bg4 13. Bc2 Qd7 14. Bg5 exd4
15. Bxf6 gxf6 16. cxd4 Bxf3 17. Qxf3 Nxd4 18. Nxd4 Bxd4 19. Qd3 Bxb2 20. e5 f5
21. Qh3 Bxa1 22. Bxf5 Qxf5 23. Qxf5 Bxe5 24. Re1 Rfe8 25. g3 Re6 26. Re2 c5 27.
h4 Rf6 28. Qg5+ Rg6 29. Qc1 Re6 30. h5 Rbe8 31. Qg5+ Kf8 32. Qf5 h6 33. Qd3 Bd4
34. Rxe6 Rxe6 35. Kg2 Kg7 36. Qf3 Re5 37. Qg4+ Rg5 38. Qd1 Re5 39. Kh3 Bxf2 40.
Qxd6 Rxh5+ 41. Kg2 Bd4 42. g4 Re5 43. Qd7 Re3 44. Qd5 Re5 45. Qd7 Re1 46. Qd5
Rc1 47. Kf3 Bf6 48. Qd2 Rc3+ 49. Ke4 c4 50. Qd5 Rc1 51. Qd2 Ra1 52. Kf5 c3 53.
Qc2 Ra6 54. Ke4 Rb6 55. Kf5 Rb2 56. Qc1 Rf2+ 57. Ke4 c2 58. Kd3 Bg5 59. Qb2+
Kh7 0-1

[Event "36th Teams Ch-GR"]
[Site "Kallithea Halkidiki"]
[Date "2008.07.07"]
[Round "2.6"]
[White "Kiriakopoulos, Antonios"]
[Black "Mastrokoukos, Georgios"]
[Result "0-1"]
[WhiteElo "2055"]
[BlackElo "2325"]
[PlyCount "54"]
[EventDate "2008.07.06"]
[WhiteTeam "NO KALAMATAS O POSEIDON"]
[BlackTeam "OAA HERAKLIO"]

1. e4 g6 2. h4 h5 3. d4 Bg7 4. Be3 c5 5. c3 cxd4 6. cxd4 d5 7. exd5 Nf6 8. Bb5+
Nbd7 9. d6 exd6 10. Nc3 O-O 11. Nge2 Nb6 12. Qd2 Bd7 13. Bxd7 Nc4 14. Qc1 Nxe3
15. Qxe3 Qxd7 16. Qf3 Rae8 17. O-O Re7 18. Rad1 Rfe8 19. Rd3 Kh7 20. Re3 Rxe3
21. fxe3 Qe7 22. e4 Nxe4 23. Qxf7 Nxc3 24. Nxc3 Qxh4 25. Qxb7 Qxd4+ 26. Kh1
Qh4+ 27. Kg1 Re7 0-1

[Event "36th Teams Ch-GR"]
[Site "Kallithea Halkidiki"]
[Date "2008.07.07"]
[Round "2.6"]
[White "Lambropoulos, Evangelos"]
[Black "Kounalakis, Evryklis"]
[Result "1/2-1/2"]
[WhiteElo "2128"]
[BlackElo "2120"]
[PlyCount "73"]
[EventDate "2008.07.06"]
[WhiteTeam "NO KALAMATAS O POSEIDON"]
[BlackTeam "OAA HERAKLIO"]

1. e4 c6 2. c4 d5 3. cxd5 cxd5 4. exd5 Nf6 5. Bc4 Nxd5 6. Qb3 e6 7. Nf3 Be7 8.
O-O O-O 9. Nc3 Nb6 10. Be2 Nc6 11. a3 e5 12. d3 Bg4 13. Be3 Be6 14. Qd1 Nd5 15.
Nxd5 Qxd5 16. b4 a5 17. bxa5 Rxa5 18. a4 Bc5 19. Rb1 b6 20. Nd2 Bxe3 21. fxe3
Qc5 22. Rf3 Bd5 23. Nb3 Bxb3 24. Qxb3 Ne7 25. Qxb6 Qxb6 26. Rxb6 Rxa4 27. Rb7
Ng6 28. g3 e4 29. dxe4 Rxe4 30. Bd3 Re7 31. Rxe7 Nxe7 32. Bc4 Ng6 33. Rf5 Ne7
34. Rc5 g6 35. Rc7 Rc8 36. Rxc8+ Nxc8 37. Bd5 1/2-1/2

[Event "36th Teams Ch-GR"]
[Site "Kallithea Halkidiki"]
[Date "2008.07.07"]
[Round "2.7"]
[White "Hadzimanolis, Antonios"]
[Black "Gelashvili, Tamaz"]
[Result "0-1"]
[WhiteElo "2306"]
[BlackElo "2612"]
[PlyCount "92"]
[EventDate "2008.07.06"]
[WhiteTeam "PANATHLITIKOS SF SYKEON"]
[BlackTeam "ES KALAMARIAS"]

1. e4 e5 2. Nf3 d6 3. d4 exd4 4. Nxd4 Nf6 5. Nc3 Be7 6. Be2 O-O 7. O-O Re8 8.
f4 Bf8 9. Bf3 c5 10. Nde2 Nc6 11. h3 a6 12. g4 Nd7 13. Be3 b5 14. Bf2 Bb7 15.
Qd2 Ne7 16. Ng3 Nb6 17. Rad1 b4 18. Nce2 Ng6 19. Qc1 Qc7 20. c4 a5 21. b3 a4
22. Qc2 axb3 23. axb3 Ra3 24. Ra1 Rea8 25. Rxa3 Rxa3 26. Nf5 Ne7 27. Ne3 g6 28.
g5 Bc8 29. h4 Nc6 30. Rd1 Qa7 31. Ng4 Bxg4 32. Bxg4 Na5 33. Nc1 Qe7 34. h5 Bg7
35. h6 Bf8 36. Kg2 Nbxc4 37. bxc4 Rc3 38. Qe2 b3 39. Bf3 Qe6 40. Nd3 Nxc4 41.
f5 gxf5 42. Nf4 Qe7 43. Kh1 Rc2 44. Qd3 Rxf2 45. Qxc4 Rxf3 46. Nd5 Qxg5 0-1

[Event "36th Teams Ch-GR"]
[Site "Kallithea Halkidiki"]
[Date "2008.07.07"]
[Round "2.7"]
[White "Oreopoulos, Konstantinos"]
[Black "Zalahoras, Nikolaos"]
[Result "1-0"]
[WhiteElo "2284"]
[BlackElo "2181"]
[PlyCount "113"]
[EventDate "2008.07.06"]
[WhiteTeam "ES KALAMARIAS"]
[BlackTeam "PANATHLITIKOS SF SYKEON"]

1. d4 Nf6 2. c4 g6 3. Nc3 Bg7 4. e4 d6 5. f3 O-O 6. Bg5 h6 7. Be3 c5 8. d5 e6
9. Nge2 exd5 10. cxd5 Nbd7 11. Nc1 a6 12. a4 Re8 13. Be2 Kh7 14. O-O Re7 15.
Rb1 Qh8 16. N1a2 Rb8 17. Qd2 Ne8 18. Rfd1 Nc7 19. b4 cxb4 20. Rxb4 Ne8 21. Bf1
Nc5 22. a5 Rc7 23. Ne2 Bd7 24. Rdb1 Bb5 25. Nac1 Rbc8 26. Nd4 Bxf1 27. Kxf1 Be5
28. Nde2 Qf8 29. f4 Bg7 30. Bxc5 dxc5 31. Ra4 Nd6 32. e5 Nb5 33. Rb3 c4 34. Rf3
Qc5 35. Na2 Rd7 36. Nac3 Nc7 37. d6 Nb5 38. Qd5 Qxd5 39. Nxd5 Rc5 40. Nb6 Rd8
41. Rxc4 Rxc4 42. Nxc4 Bf8 43. Rd3 g5 44. fxg5 hxg5 45. Rf3 Kg8 46. Rf5 Bh6 47.
Ne3 Na7 48. Ng4 Bg7 49. Rxg5 Nc6 50. Nf4 Nd4 51. Nh5 Ne6 52. Ngf6+ Kh8 53. Rg4
Bh6 54. Ng3 Bg5 55. Nge4 Bf4 56. Rh4+ Kg7 57. Nh5+ 1-0

[Event "36th Teams Ch-GR"]
[Site "Kallithea Halkidiki"]
[Date "2008.07.07"]
[Round "2.7"]
[White "Loukopoulos, Spyridon"]
[Black "Prentos, Konstantinos"]
[Result "1/2-1/2"]
[WhiteElo "2119"]
[BlackElo "2271"]
[PlyCount "85"]
[EventDate "2008.07.06"]
[WhiteTeam "PANATHLITIKOS SF SYKEON"]
[BlackTeam "ES KALAMARIAS"]

1. e4 c5 2. Nf3 e6 3. d3 Nc6 4. g3 g6 5. Bg2 Bg7 6. O-O Nge7 7. c3 d5 8. Re1
dxe4 9. dxe4 Qxd1 10. Rxd1 b6 11. Na3 Ba6 12. Be3 O-O 13. h3 Rfd8 14. Bf1 Bxf1
15. Kxf1 Na5 16. Ke2 Kf8 17. Rd2 Rxd2+ 18. Nxd2 Rd8 19. Rd1 Nec6 20. Ndc4 Rxd1
21. Kxd1 Ke7 22. Ke2 Kd7 23. Nxa5 Nxa5 24. f4 f5 25. e5 Bf8 26. Kd3 Kc6 27. c4
a6 28. h4 Kc7 29. Nb1 Nc6 30. a3 Be7 31. Nd2 Na5 32. Kc3 b5 33. b3 Nc6 34. Nf3
b4+ 35. Kb2 bxa3+ 36. Kxa3 Nb4 37. Ne1 Kb6 38. Bd2 Nc6 39. Bc3 Nd8 40. Nf3 Nc6
41. Kb2 Kc7 42. Ka3 Kb6 43. Kb2 1/2-1/2